[Event "POL-chT3 Podkarpackie"]
[Site "Czudec"]
[Date "2016.05.29"]
[Round "4.12"]
[White "Pedrak, Paulina"]
[Black "Michalska, Marta"]
[Result "1-0"]
[WhiteElo "1572"]
[BlackElo "1570"]
[PlyCount "135"]
[EventDate "2016.05.27"]
[EventType "team-tourn"]
[EventRounds "9"]
[EventCountry "POL"]
[SourceTitle "EXT 2018"]
[Source "ChessBase"]
[SourceDate "2017.10.13"]
[SourceVersion "1"]
[SourceVersionDate "2017.10.13"]
[SourceQuality "1"]
[WhiteTeam "Pilzno GKSz Hetman II"]
[BlackTeam "Ustrzyki Dolne"]
[WhiteTeamCountry "POL"]
[BlackTeamCountry "POL"]

1. e4 c5 2. Nf3 d6 3. d4 cxd4 4. Nxd4 Nc6 5. Nc3 Nf6 6. Be2 g6 7. Be3 Bg7 8. 0-0 0-0 9. Qd2 Re8 10. h3 Bd7 11. Rad1 a6 12. f4 e5 13. fxe5 dxe5 14. Nb3 Nd4 15. Nxd4 exd4 16. Bxd4 Nxe4 17. Nxe4 Rxe4 18. Bxg7 Kxg7 19. Qxd7 Qxd7 20. Rxd7 Rxe2 21. Rfxf7+ Kh6 22. Rxh7+ Kg5 23. Rxb7 Rxc2 24. Rhc7 Rd2 25. Rc5+ Kh6 26. Rb6 Rd1+ 27. Kh2 a5 28. Rcc6 Rg8 29. Rc5 a4 30. Ra6 Rd4 31. Rca5 Rb4 32. Rxa4 Rxb2 33. Rh4+ Kg5 34. Rg4+ Kf5 35. a4 Ra2 36. Ra5+ Kf6 37. Rb5 Ra8 38. Rb6+ Kf5 39. Rbxg6 R8xa4 40. Rxa4 Rxa4 41. Rg8 Kf6 42. Kg3 Ra3+ 43. Kh4 Ra4+ 44. g4 Ra7 45. Rh8 Kg6 46. Rg8+ Kf6 47. Rb8 Rh7+ 48. Kg3 Rd7 49. h4 Rd3+ 50. Kf4 Rd4+ 51. Kf3 Rd3+ 52. Ke4 Ra3 53. Rb6+ Kg7 54. Re6 Ra1 55. Kf5 Rf1+ 56. Kg5 Rc1 57. Re5 Rc6 58. h5 Kh8 59. h6 Rd6 60. Kh5 Rd1 61. g5 Rd7 62. g6 Rd8 63. Kg5 Rf8 64. g7+ Kh7 65. gxf8N+ Kh8 66. Ng6+ Kh7 67. Re7+ Kg8 68. h7# 1-0

[Event "POL-ch U16 Girls"]
[Site "Karpacz"]
[Date "2015.??.??"]
[Round "8"]
[White "Godek, Martyna"]
[Black "Pedrak, Paulina"]
[Result "0-1"]
[WhiteElo "1353"]
[BlackElo "1454"]
[PlyCount "72"]
[EventDate "2015.03.??"]
[EventType "swiss"]
[EventRounds "9"]
[EventCountry "POL"]
[SourceTitle "EXT 2017"]
[Source "ChessBase"]
[SourceDate "2016.10.25"]
[SourceVersion "1"]
[SourceVersionDate "2016.10.25"]
[SourceQuality "1"]

1. e4 c5 2. Nc3 e6 3. d3 Nc6 4. g3 Nf6 5. Bg2 d5 6. f4 Be7 7. e5 Nd7 8. Nce2 Rb8 9. c3 Qc7 10. Nf3 b5 11. d4 c4 12. b4 a5 13. a3 axb4 14. axb4 Nxb4 15. cxb4 Bxb4+ 16. Kf2 Ba5 17. Bd2 Bxd2 18. Qxd2 b4 19. Rab1 c3 20. Rhc1 Ba6 21. Qc2 Ke7 22. Bf1 Bxe2 23. Bxe2 h6 24. Qa4 Rhc8 25. Rxb4 c2 26. Rxb8 Rxb8 27. Rxc2 Qb6 28. Qc6 Qb4 29. Ba6 Rb6 30. Qc8 Qa4 31. Bd3 Rb3 32. Ke2 Rb8 33. Qc6 Qb4 34. g4 Rb6 35. Qc3 Qb1 36. Qa3+ Rb4 0-1

[Event "POL-chT U19 2nd League"]
[Site "Szczyrk"]
[Date "2014.07.30"]
[Round "8.66"]
[White "Szulc, Patrycja"]
[Black "Pedrak, Paulina"]
[Result "0-1"]
[WhiteElo "1383"]
[BlackElo "1395"]
[PlyCount "110"]
[EventDate "2014.07.25"]
[EventType "team-swiss"]
[EventRounds "11"]
[EventCountry "POL"]
[SourceTitle "EXT 2015"]
[Source "ChessBase"]
[SourceDate "2014.11.20"]
[SourceVersion "1"]
[SourceVersionDate "2014.11.20"]
[SourceQuality "1"]
[WhiteTeam "Wroclaw KS Polonia U19 II"]
[BlackTeam "Gorlice GKSz Kornuty U19"]
[WhiteTeamCountry "POL"]
[BlackTeamCountry "POL"]

1. c4 e5 2. Nc3 Nc6 3. d3 d6 4. g3 f5 5. Bg2 Nf6 6. e4 Be7 7. Nge2 0-0 8. 0-0 Bd7 9. f4 fxe4 10. Nxe4 Qc8 11. Re1 Bh3 12. Bh1 h5 13. N2c3 h4 14. Nxf6+ Bxf6 15. Nd5 hxg3 16. hxg3 exf4 17. Bxf4 Bxb2 18. Rb1 Bd4+ 19. Be3 Bxe3+ 20. Nxe3 Rb8 21. Qh5 Rf6 22. Bxc6 Rh6 23. Bd5+ Kh8 24. Qe2 c6 25. Bg2 Bd7 26. Bf3 Qc7 27. Qf2 Rf8 28. Rf1 Rh3 29. Kg2 Rf6 30. Rh1 Rfh6 31. Bg4 Rxh1 32. Rxh1 Rxh1 33. Kxh1 Bxg4 34. Nxg4 a6 35. Qf8+ Kh7 36. Qf4 Qa5 37. Qe4+ Kh8 38. Qe2 b5 39. Ne3 b4 40. Qd2 Qb6 41. Nf5 c5 42. Qb2 Qb7+ 43. Qg2 Qc7 44. Qd5 a5 45. Nxd6 a4 46. Qh5+ Kg8 47. Qd5+ Kh7 48. Ne4 b3 49. axb3 axb3 50. Qh5+ Kg8 51. Qd1 Qb6 52. Nc3 b2 53. Qb1 Qh6+ 54. Kg1 Qc1+ 55. Nd1 Qxb1 0-1

[Event "POL-chT U19 2nd League"]
[Site "Szczyrk"]
[Date "2014.07.27"]
[Round "4.119"]
[White "Kaczmarska, Joanna"]
[Black "Pedrak, Paulina"]
[Result "0-1"]
[WhiteElo "1717"]
[BlackElo "1395"]
[PlyCount "92"]
[EventDate "2014.07.25"]
[EventType "team-swiss"]
[EventRounds "11"]
[EventCountry "POL"]
[SourceTitle "EXT 2015"]
[Source "ChessBase"]
[SourceDate "2014.11.20"]
[SourceVersion "1"]
[SourceVersionDate "2014.11.20"]
[SourceQuality "1"]
[WhiteTeam "Zielonka Zieloni U19"]
[BlackTeam "Gorlice GKSz Kornuty U19"]
[WhiteTeamCountry "POL"]
[BlackTeamCountry "POL"]

1. d4 d5 2. c4 e6 3. Nc3 c6 4. Nf3 Nf6 5. Bg5 Nbd7 6. cxd5 exd5 7. Qc2 Bb4 8. e3 Qa5 9. Bd3 0-0 10. 0-0 Re8 11. Ne5 h6 12. Bxf6 Nxf6 13. f4 Ng4 14. Nxg4 Bxg4 15. Rae1 Re7 16. h3 Bd7 17. f5 Rae8 18. Rf3 f6 19. Re2 Rc8 20. Qb3 Be8 21. Rc2 Bf7 22. a3 Bd6 23. Qa2 Rce8 24. b4 Qd8 25. Nd1 Rc7 26. Nf2 b6 27. Qb2 c5 28. b5 c4 29. Bf1 Rce7 30. Rc3 Qa8 31. Ng4 a6 32. e4 dxe4 33. Rf2 h5 34. Ne3 axb5 35. Qxb5 Bxa3 36. Nxc4 Ra7 37. Rd2 Bf8 38. Nxb6 Qb7 39. Rb2 e3 40. Qe2 Qe4 41. Qd3 Qf4 42. g4 hxg4 43. hxg4 Ra1 44. Qe2 Qxd4 45. Rcc2 Re4 46. Qh2 e2+ 0-1

[Event "Golden Rook op 56th"]
[Site "Chotowa"]
[Date "2014.06.09"]
[Round "1"]
[White "Szydelko, Michal"]
[Black "Pedrak, Paulina"]
[Result "1-0"]
[WhiteElo "1348"]
[BlackElo "1398"]
[PlyCount "117"]
[EventDate "2014.06.08"]
[EventType "team-swiss"]
[EventRounds "9"]
[EventCountry "POL"]
[SourceTitle "EXT 2015"]
[Source "ChessBase"]
[SourceDate "2014.11.20"]
[SourceVersion "1"]
[SourceVersionDate "2014.11.20"]
[SourceQuality "1"]

1. e4 c5 2. Nf3 e6 3. d4 cxd4 4. Nxd4 a6 5. Nc3 Qc7 6. Be2 Nf6 7. Bf3 Nc6 8. Nxc6 bxc6 9. 0-0 Be7 10. Bd2 0-0 11. Re1 d5 12. exd5 cxd5 13. Qe2 Bd6 14. h3 Rb8 15. Rab1 Bb7 16. a3 Nd7 17. Rec1 Ne5 18. Nd1 Nxf3+ 19. Qxf3 f5 20. Qe2 e5 21. c3 f4 22. f3 e4 23. Be1 Rbe8 24. Bf2 Re6 25. c4 e3 26. cxd5 Bc5 27. dxe6 exf2+ 28. Nxf2 Qe7 29. Kh1 Be3 30. Re1 Qxe6 31. Ng4 Re8 32. Nxe3 fxe3 33. Rbc1 Qb6 34. Rc3 h6 35. Rxe3 Rxe3 36. Qxe3 Qxb2 37. Qd3 Qb5 38. Qd8+ Kh7 39. Qd2 Qf5 40. Rc1 Bc8 41. Qc2 Qxc2 42. Rxc2 Bf5 43. Rd2 Be6 44. Rd6 Bc4 45. Kg1 Kg8 46. Kf2 Bb5 47. g3 Kf7 48. Ke3 Ke7 49. Rb6 Kf7 50. Kf4 Bf1 51. h4 Bd3 52. Ke3 Bb5 53. Kd4 Be2 54. f4 Ke7 55. Kc5 Kf7 56. Kb4 g6 57. Ka5 h5 58. a4 Kg7 59. Rxa6 1-0

[Event "POL Olympiad U14"]
[Site "Walbrzych"]
[Date "2013.??.??"]
[Round "9.10"]
[White "Pedrak, Paulina"]
[Black "Cieslak, Wiktoria"]
[Result "0-1"]
[WhiteElo "1371"]
[BlackElo "1532"]
[PlyCount "98"]
[EventDate "2013.04.??"]
[EventType "team-swiss"]
[EventRounds "9"]
[EventCountry "POL"]
[SourceTitle "EXT 2014"]
[Source "ChessBase"]
[SourceDate "2013.11.20"]
[SourceVersion "1"]
[SourceVersionDate "2013.11.20"]
[SourceQuality "1"]

1. e4 c5 2. Nf3 d6 3. d4 cxd4 4. Nxd4 Nf6 5. Nc3 a6 6. Bg5 Nbd7 7. Bd3 Qb6 8. Nb3 e6 9. 0-0 Be7 10. Be3 Qc7 11. f4 b5 12. a3 Bb7 13. Qd2 Ng4 14. Kh1 Nxe3 15. Qxe3 Bf6 16. Qd2 Rc8 17. Rad1 Bxc3 18. bxc3 Qxc3 19. Qxc3 Rxc3 20. h3 Ke7 21. f5 Nf6 22. Rde1 e5 23. Kh2 Ra8 24. Rf3 h6 25. Na5 Rb8 26. Nb3 Nd7 27. Ra1 Nc5 28. Nxc5 dxc5 29. a4 c4 30. Bf1 Rxc2 31. Re3 Bc6 32. axb5 Bxb5 33. Ra5 Rd8 34. Ra1 Rdd2 35. Kg3 f6 36. Kf3 Kd6 37. Re2 Kc5 38. Rxd2 Rxd2 39. Ke3 Rd4 40. Rc1 a5 41. g4 a4 42. Rc3 Kb4 43. Rc1 Bc6 44. Bg2 Rd3+ 45. Ke2 a3 46. Rb1+ Rb3 47. Rc1 a2 48. Ra1 Rb2+ 49. Kf3 Kb3 0-1

[Event "POL Olympiad U14"]
[Site "Walbrzych"]
[Date "2013.??.??"]
[Round "1.15"]
[White "Posuniak, Weronika"]
[Black "Pedrak, Paulina"]
[Result "1-0"]
[WhiteElo "1540"]
[BlackElo "1371"]
[PlyCount "53"]
[EventDate "2013.04.??"]
[EventType "team-swiss"]
[EventRounds "9"]
[EventCountry "POL"]
[SourceTitle "EXT 2014"]
[Source "ChessBase"]
[SourceDate "2013.11.20"]
[SourceVersion "1"]
[SourceVersionDate "2013.11.20"]
[SourceQuality "1"]

1. d4 f5 2. Nf3 Nf6 3. Bf4 g6 4. e3 Bg7 5. c3 0-0 6. Qb3+ d5 7. Nbd2 Nbd7 8. c4 e6 9. Rc1 c6 10. Be2 Ne4 11. Nxe4 fxe4 12. Nd2 Qf6 13. cxd5 cxd5 14. 0-0 h5 15. a4 Qf7 16. Rc7 Bf6 17. Bd6 Re8 18. Bb5 a6 19. Bxd7 Bxd7 20. Rxb7 Bd8 21. Qa3 g5 22. Nb3 Bf6 23. Nc5 g4 24. Nxd7 Qg6 25. Nxf6+ Qxf6 26. Be5 Qf5 27. Rg7+ 1-0